Conferencia celebrada en los salones de esta cámara el día 14 de diciembre de 1918 para desarrollar el tema canalización del Manzanares y aprovechamiento de las aguas fecales de Madrid para usos agrícolas / (Record no. 84153)

MARC details
000 -LEADER
campo de control de longitud fija 00914nam a2200217 i 4500
001 - NÚMERO DE CONTROL
campo de control 84153
003 - IDENTIFICADOR DE NÚMERO DE CONTROL
campo de control ES-MaACL
005 - FECHA Y HORA DE LA ÚLTIMA TRANSACCIÓN
campo de control 20230906174945.0
007 - CAMPO FIJO DE DESCRIPCIÓN FÍSICA--INFORMACIÓN GENERAL
campo de control de longitud fija t|
008 - DATOS DE LONGITUD FIJA--INFORMACIÓN GENERAL
campo de control de longitud fija 041119s1918 sp ||||1| spa d
100 1# - ENTRADA PRINCIPAL--NOMBRE DE PERSONA
Nombre de persona Jalvo Millán, Mauricio.
9 (RLIN) 172968
245 10 - MENCIÓN DEL TÍTULO
Título Conferencia celebrada en los salones de esta cámara el día 14 de diciembre de 1918 para desarrollar el tema canalización del Manzanares y aprovechamiento de las aguas fecales de Madrid para usos agrícolas /
Mención de responsabilidad, etc. Mauricio Jalvo.
260 ## - PUBLICACIÓN, DISTRIBUCIÓN, ETC.
Lugar de publicación, distribución, etc. Madrid :
Nombre del editor, distribuidor, etc. [s.n.],
Fecha de publicación, distribución, etc. 1918 (
Fabricante R. Velasco)
300 ## - DESCRIPCIÓN FÍSICA
Extensión 16 p. ;
Dimensiones 25 cm.
594 ## - Nota al título y mención de responsabilidad
Nota al título y mención de responsabilidad Precede al tít.: Cámara Oficial de la Propiedad Urbana de Madrid.
650 #4 - PUNTO DE ACCESO ADICIONAL DE MATERIA--TÉRMINO DE MATERIA
Término de materia o nombre geográfico como elemento de entrada Aguas residuales-
Subdivisión geográfica Madrid.
9 (RLIN) 135535
651 ## - PUNTO DE ACCESO ADICIONAL DE MATERIA--NOMBRE GEOGRÁFICO
Nombre geográfico Manzanares (España, Río)-
Subdivisión general Canalización.
9 (RLIN) 159104
710 2# - ENTRADA AGREGADA--NOMBRE DE ENTIDAD CORPORATIVA
Nombre de entidad corporativa o nombre de jurisdicción como elemento de entrada Cámara de la Propiedad Urbana de Madrid.
9 (RLIN) 2406
852 ## - LOCALIZACIÓN
Ubicación ES-MaACL
Número de control de estantería 1558-F-14
852 ## - LOCALIZACIÓN
Ubicación ES-MaACL
Número de control de estantería 1524-F-11
Holdings
Estatus retirado Estado de pérdida Estado de daño No para préstamo Colección Biblioteca de origen Biblioteca actual Ubicación en estantería Fecha de adquisición Fuente de adquisición Total de préstamos Signatura topográfica completa Código de barras Visto por última vez Precio de reemplazo Tipo de ítem Koha
        Colección de folletos Biblioteca del Ateneo de Madrid Biblioteca del Ateneo de Madrid Depósito folletos 17/01/2008     1524-F-11 1087949 23/02/2023 23/02/2023 Folleto
        Colección de folletos Biblioteca del Ateneo de Madrid Biblioteca del Ateneo de Madrid Depósito folletos 17/01/2008     1558-F-14 1087948 23/02/2023 23/02/2023 Folleto